000 01275nam a2200265 a 4500
008 220113s2017 ||||||||||||||||| || u
020 _a9780123850072
050 _aRC 143 Foo
100 _aRiemann P. Hans
245 1 0 _aFoodborne diseases
_cChristine E.R. Dodd ; Tim Aldworth ; Richard A. Stein ; Dean O. Cliver ; Hans P. Riemann
250 _aThird edition
260 _aLondon
_bAcademic Press
_c2017
300 _axxvii, 546 pages :illustrations
500 _aIncludes an index.
650 _aFOODBORNE ILLNESSES
650 _aFOODBORNE DISEASES
650 _aFOOD POISONING
700 _aCliver O. Dean
700 _aStein A. Richard
700 _aDodd E.R. Christine
700 _aAldworth Tim
995 _aMEDICAL LIBRARY OPEN ACCESS
_e905266
_FCBU-SCHOOL OF MEDICINE LIBRARY (Ndola)
_I112.50
_jRC 143 Foo
_M1
_UAVAILABLE
_WJan 13, 2022
_y905266
_ZMedical Library Open Access Collection
995 _aMEDICAL LIBRARY OPEN ACCESS
_e905267
_FCBU-SCHOOL OF MEDICINE LIBRARY (Ndola)
_I112.50
_jRC 143 Foo
_M2
_UAVAILABLE
_WJan 13, 2022
_y905267
_ZMedical Library Open Access Collection
995 _aMEDICAL LIBRARY OPEN ACCESS
_e905268
_FCBU-SCHOOL OF MEDICINE LIBRARY (Ndola)
_I112.50
_jRC 143 Foo
_M3
_UAVAILABLE
_WJan 13, 2022
_y905268
_ZMedical Library Open Access Collection
999 _c63871
_d63871